Formuła 1 - Najlepszy Kierowca Spoza Europy w Każdym Sezonie - Statystyki

Ogólne statystyki
  • Ten quiz został rozwiązany 147 razy
  • Średni wynik to 51 z 75
Statystyki odpowiedzi
Sezon Poz. Kraj Kierowca % Poprawnych
2024 4 Australia Oscar Piastri
96%
2023 2 Meksyk Sergio Perez
96%
2022 3 Meksyk Sergio Perez
96%
2021 4 Meksyk Sergio Perez
96%
2020 4 Meksyk Sergio Perez
96%
2019 8 Tajlandia Alex Albon
95%
1993 2 Brazylia Ayrton Senna
94%
1992 4 Brazylia Ayrton Senna
94%
1991 1 Brazylia Ayrton Senna
94%
1990 1 Brazylia Ayrton Senna
94%
1989 2 Brazylia Ayrton Senna
94%
1988 1 Brazylia Ayrton Senna
94%
1985 4 Brazylia Ayrton Senna
94%
2018 6 Australia Daniel Ricciardo
92%
2017 5 Australia Daniel Ricciardo
92%
2016 3 Australia Daniel Ricciardo
92%
2014 3 Australia Daniel Ricciardo
92%
2015 6 Brazylia Felipe Massa
90%
2008 2 Brazylia Felipe Massa
90%
2007 4 Brazylia Felipe Massa
90%
2006 3 Brazylia Felipe Massa
90%
2013 3 Australia Mark Webber
88%
2012 6 Australia Mark Webber
88%
2011 3 Australia Mark Webber
88%
2010 3 Australia Mark Webber
88%
1957 1 Argentyna Juan Manuel Fangio
76%
1956 1 Argentyna Juan Manuel Fangio
76%
1955 1 Argentyna Juan Manuel Fangio
76%
1954 1 Argentyna Juan Manuel Fangio
76%
1953 2 Argentyna Juan Manuel Fangio
76%
1951 1 Argentyna Juan Manuel Fangio
76%
1950 2 Argentyna Juan Manuel Fangio
76%
2005 4 Kolumbia Juan Pablo Montoya
74%
2003 3 Kolumbia Juan Pablo Montoya
74%
1987 1 Brazylia Nelson Piquet
72%
1986 3 Brazylia Nelson Piquet
72%
1984 5 Brazylia Nelson Piquet
72%
1983 1 Brazylia Nelson Piquet
72%
1982 11 Brazylia Nelson Piquet
72%
1981 1 Brazylia Nelson Piquet
72%
1980 2 Brazylia Nelson Piquet
72%
1998 5 Kanada Jacques Villeneuve
71%
1997 1 Kanada Jacques Villeneuve
71%
1996 2 Kanada Jacques Villeneuve
71%
2009 3 Brazylia Rubens Barrichello
70%
2004 2 Brazylia Rubens Barrichello
70%
2002 2 Brazylia Rubens Barrichello
70%
2001 3 Brazylia Rubens Barrichello
70%
2000 4 Brazylia Rubens Barrichello
70%
1999 7 Brazylia Rubens Barrichello
70%
1995 11 Brazylia Rubens Barrichello
70%
1994 6 Brazylia Rubens Barrichello
70%
1975 2 Brazylia Emerson Fittipaldi
62%
1974 1 Brazylia Emerson Fittipaldi
62%
1973 2 Brazylia Emerson Fittipaldi
62%
1972 1 Brazylia Emerson Fittipaldi
62%
1971 6 Brazylia Emerson Fittipaldi
62%
1979 1 RPA Jody Scheckter
53%
1977 2 RPA Jody Scheckter
53%
1976 3 RPA Jody Scheckter
53%
1978 1 USA Mario Andretti
52%
1966 1 Australia Jack Brabham
46%
1960 1 Australia Jack Brabham
46%
1959 1 Australia Jack Brabham
46%
1961 1 USA Phil Hill
45%
1969 3 Nowa Zelandia Bruce McLaren
43%
1962 3 Nowa Zelandia Bruce McLaren
43%
1970 4 Nowa Zelandia Denny Hulme
29%
1968 3 Nowa Zelandia Denny Hulme
29%
1967 1 Nowa Zelandia Denny Hulme
29%
1964 5 USA Richie Ginther
3%
1963 3 USA Richie Ginther
3%
1965 4 USA Dan Gurney
2%
1952 7 USA Troy Ruttman
2%
1958 5 USA Harry Schell
1%
Nie znaleziono quizów pasujących do podanych kryteriów
Rozkład punktacji
Procent ludzi z każdym wynikiem
Percentyl według liczby udzielonych odpowiedzi
Twoja historia wyników
Nie rozwiązałeś tego quizu